[Event "8th Asian Continental Open"]
[Site "Subic Bay PHI"]
[Date "2009.05.16"]
[Round "4"]
[White "Kazhgaleyev,M"]
[Black "Wang Li"]
[Result "1-0"]
[WhiteElo "2626"]
[BlackElo "2401"]

1.d4 d5 2.c4 dxc4 3.e4 Nf6 4.e5 Nd5 5.Bxc4 Nc6 6.Nc3 Nb6 7.Bb5 Bd7 8.Nf3 e6
9.O-O Nb4 10.Be2 Bc6 11.a3 N4d5 12.Qc2 Qd7 13.Ng5 h6 14.Nge4 O-O-O 15.Bf3 f5
16.exf6 gxf6 17.Re1 Qf7 18.b4 Nxc3 19.Qxc3 Bxe4 20.Bxe4 f5 21.Qf3 Nd5 22.Bc2 Kb8
23.Bb3 Bg7 24.Bb2 c6 25.a4 Rhe8 26.b5 c5 27.Rad1 Rc8 28.Qe2 cxd4 29.Bxd4 Nc3
30.Be5+ Ka8 31.Bxc3 Bxc3 32.Rf1 Qf6 33.Rd6 Be5 34.Rd3 Bc7 35.g3 e5 36.Rd7 e4
37.Rc1 Bb6 38.Rxc8+ Rxc8 39.Bd5 Rc7 40.Qb2 Qf8 41.Qg7 Qc8 42.Rxc7 Qxc7 43.Qf8+ Qd8
44.Qxf5 e3 45.fxe3 Bxe3+ 46.Kg2 Bb6 47.h4 Kb8 48.Bf3 Qd2+ 49.Kh3 Kc7 50.Qe4 Kd6
51.Qxb7 Kc5 52.Qe4 Qd7+ 53.Kh2 Qd2+ 54.Kh3 Qd7+ 55.g4 Qd2 56.Qe7+ Qd6 57.Qxd6+ Kxd6
58.g5 Ke7 59.Kg4 Ke6 60.Kh5 hxg5 61.hxg5 Be3 62.a5 Kf5 63.g6 Kf6 64.Be4 Bf4
65.b6 axb6 66.axb6  1-0

[Event "Limpedea Cup"]
[Site "Baia Sprie ROM"]
[Date "2009.05.21"]
[Round "11"]
[White "Sanikidze,T"]
[Black "Thesing,M"]
[Result "1/2-1/2"]
[WhiteElo "2559"]
[BlackElo "2415"]

1.d4 d5 2.c4 dxc4 3.e4 c5 4.d5 Nf6 5.Nc3 b5 6.Bf4 Qa5 7.a4 Nxe4 8.Ne2 Nd6
9.Bxd6 exd6 10.axb5 Qd8 11.Ng3 Be7 12.Bxc4 O-O 13.O-O Bf6 14.Qb3 Nd7 15.Nce4 Be5
16.f4 Bd4+ 17.Kh1 Nb6 18.Bd3 Bb7 19.Nf5 Bxd5  1/2-1/2

[Event "Subic Open"]
[Site "Subic PHI"]
[Date "2009.05.25"]
[Round "1"]
[White "Paragua,M"]
[Black "Olay,E"]
[Result "1-0"]
[WhiteElo "2529"]
[BlackElo "2348"]

1.d4 d5 2.c4 dxc4 3.e4 b5 4.a4 c6 5.Nc3 Bd7 6.Nf3 Nf6 7.axb5 cxb5 8.e5 Ng8
9.Ng5 Nh6 10.e6 fxe6 11.Nxh7 Nf7 12.Qc2 Bc6 13.Be3 b4 14.Nxf8 Kxf8 15.Na4 Nd6
16.Nc5 Kf7 17.Be2 Bd5 18.h4 Nd7 19.h5 Nf5 20.Bxc4 Nxc5 21.dxc5 Bxc4 22.Qxc4 Qd5
23.Qg4 a5 24.O-O Nxe3 25.fxe3+ Kg8 26.Rad1 Qe5 27.Qf3 Kh7 28.Rd4 Rhf8 29.Qe4+ Qxe4
30.Rxe4 Rfc8 31.Rc4 Rc7 32.Ra1 Kh6 33.g4 Kg5 34.b3 e5 35.Kg2 Raa7 36.Kf3 Rcb7
37.c6 Rc7 38.Ke4 Kxg4 39.Rg1+ Kxh5 40.Kf5 e6+ 41.Kxe6 g5 42.Kxe5 Rg7 43.Kd6 Rac7
44.Rc5 a4 45.bxa4 Rc8 46.Rb1 Kh4 47.Rxb4+ Kh3 48.c7 Rgg8 49.Kd7 g4 50.Rh5+ Kg3
51.Rhb5 Kf3 52.Rb8 Rxc7+ 53.Kxc7 Rg7+ 54.Kb6 g3 55.a5 g2 56.Rb1 g1=Q 57.Rxg1 Rxg1
58.a6 Rb1+ 59.Kc7 Rc1+ 60.Kb7 Rb1+ 61.Ka8  1-0

[Event "TOP 16 Poule Basse"]
[Site "Le Port Marly FRA"]
[Date "2009.05.29"]
[Round "9"]
[White "Postny,E"]
[Black "Kozakov,M"]
[Result "1-0"]
[WhiteElo "2648"]
[BlackElo "2457"]

1.d4 d5 2.c4 dxc4 3.e4 e5 4.Nf3 exd4 5.Bxc4 Bb4+ 6.Nbd2 Nc6 7.O-O Be6 8.Bxe6 fxe6
9.Qb3 Qd7 10.Nc4 O-O-O 11.Nce5 Nxe5 12.Nxe5 Qe7 13.Nd3 Ba5 14.Bf4 Nf6 15.Rfc1 Nxe4
16.Qa4 Rd5 17.f3 Nd6 18.b4 Bb6 19.Qb3 g5 20.Be5 Rd8 21.a4 a6 22.Ra2 g4 23.fxg4 Qg5
24.Bg3 Qxg4 25.Rac2 Rd7 26.a5 Ba7 27.Kh1 Rg7 28.Be5 Rf7 29.Bxd6 Rxd6 30.Ne5 Qg7
31.Nxf7 Qxf7 32.Qg3 Rd7 33.Rf2 Qe7 34.Qg8+ Rd8 35.Rf7 Qd6 36.Rfxc7+ Qxc7
37.Qxe6+ Kb8 38.Rxc7 Kxc7 39.Qc4+ Kd6 40.g3 Re8 41.Kg2 Re7 42.h4 h5 43.Qg8 Rd7
44.Kf1 d3 45.Ke1 Be3 46.Qg6+ Kc7 47.Qxh5 d2+ 48.Kd1 Re7 49.g4 Kb8 50.Qd5 Ka7
51.Qf3 Re8 52.g5 Re5 53.Qf6 Re4 54.Qf3 Re5 55.Qg4 Re7 56.Qc4 Kb8 57.Qd3 Re8
58.Qe2 Re5 59.g6 Bf4 60.g7  1-0

[Event "12th IHEM"]
[Site "Hamburg GER"]
[Date "2009.05.30"]
[Round "1"]
[White "Bach,Mat"]
[Black "Rausis,I"]
[Result "0-1"]
[WhiteElo "2276"]
[BlackElo "2492"]

1.d4 d5 2.c4 dxc4 3.e4 e5 4.Nf3 exd4 5.Qxd4 Qxd4 6.Nxd4 Nf6 7.Nc3 Bc5 8.Ndb5 Na6
9.Bf4 c6 10.Nd6+ Bxd6 11.Bxd6 Be6 12.f4 O-O-O 13.Rd1 Ne8 14.Be5 Rxd1+ 15.Nxd1 f6
16.Bd4 Nd6 17.e5 Nb5 18.Be3 fxe5 19.fxe5 Rd8 20.Be2 Nd4 21.Bf3 Nb4 22.O-O Nxf3+
23.gxf3 Bh3 24.Nc3 Bxf1 25.Kxf1 Nd5  0-1

[Event "3rd ENCI Limburg Open"]
[Site "Maastricht NED"]
[Date "2009.05.30"]
[Round "2"]
[White "Becker,Mart"]
[Black "Kunin,V"]
[Result "0-1"]
[WhiteElo "2350"]
[BlackElo "2533"]

1.d4 d5 2.c4 dxc4 3.e4 e5 4.Nf3 exd4 5.Bxc4 Nc6 6.Nbd2 Bc5 7.Nb3 Bb6 8.Bb5 Bg4
9.Bxc6+ bxc6 10.Qc2 Ne7 11.Ne5 Qc8 12.O-O O-O 13.Nd3 Be6 14.Nbc5 f5 15.Re1 Ng6
16.exf5 Bxf5 17.Qc4+ Kh8 18.b4 a5 19.Bb2 Bxd3 20.Qxd3 Nf4 21.Qg3 axb4 22.Bxd4 Nh5
23.Qh4 Rf5 24.Ne6 Bxd4 25.Nxd4 Rf4 26.Qxh5 Rxd4 27.Re7 Rd5 28.Qe2 h6 29.Re1 c5
30.g3 c6 31.h4 Qf5 32.Qb2 Rd4 33.R7e5 Qf8 34.Qc2 Rd5 35.Re6 Qf5 36.Qb2 Rd4
37.R6e5 Qf6 38.Qc2 Rf8 39.Rxc5 Qd8 40.Rce5 Rd2 41.Qxc6 Qd4 42.R5e3 Rdxf2
43.Qe4 Qb6 44.Qe7 Qc6 45.Qe4 Qc5 46.Qe6 Qa7 47.Qe7 Qa8 48.Re4 Qb8 49.Rg4 R2f7
50.Qxb4 Qa7+ 51.Qd4 Qxa2 52.Rf4 Rxf4 53.gxf4 Qf7 54.Re4 Ra8 55.Re2  0-1

[Event "12th IHEM"]
[Site "Hamburg GER"]
[Date "2009.06.06"]
[Round "8"]
[White "Kopylov,M"]
[Black "Jacoby,G"]
[Result "1-0"]
[WhiteElo "2457"]
[BlackElo "2196"]

1.d4 d5 2.c4 dxc4 3.e4 b5 4.a4 c6 5.b3 Nf6 6.e5 Nd5 7.axb5 cxb5 8.bxc4 bxc4
9.Bxc4 e6 10.Nh3 Bb4+ 11.Bd2 Bxd2+ 12.Nxd2 Qh4 13.O-O Qxd4 14.Qc2 Nd7 15.Nf3 Qc5
16.Nhg5 Qc7 17.Nxf7 Bb7 18.Nxh8  1-0

[Event "12th IHEM"]
[Site "Hamburg GER"]
[Date "2009.06.07"]
[Round "9"]
[White "Sechting,M"]
[Black "Maahs,E"]
[Result "0-1"]
[WhiteElo "2121"]
[BlackElo "2168"]

1.d4 d5 2.c4 dxc4 3.e4 b5 4.a4 c6 5.d5 Nf6 6.dxc6 Qxd1+ 7.Kxd1 Nxe4 8.Be3 b4
9.Bxc4 Nxc6 10.Bd5 Bg4+ 11.Ke1 O-O-O 12.f3 Rxd5 13.fxg4 e5 14.Nf3 Bc5 15.Nbd2 Nxd2
16.Bxd2 e4 17.Rc1 exf3 18.gxf3 Re8+ 19.Kf1 Kb7 20.Bf4 Kb6 21.h4 Nd4 22.Kg2 Ne2  0-1

[Event "13th Open"]
[Site "Voronezh RUS"]
[Date "2009.06.12"]
[Round "1"]
[White "Della Rossa,A"]
[Black "Stukopin,A"]
[Result "0-1"]
[WhiteElo "1967"]
[BlackElo "2380"]

1.d4 d5 2.c4 dxc4 3.e4 Nf6 4.Nc3 e5 5.d5 Bd6 6.Bxc4 O-O 7.Nge2 a6 8.a4 Qe7
9.O-O Nh5 10.Ng3 Nxg3 11.hxg3 f5 12.Qh5 g6 13.Qh6 Nd7 14.exf5 gxf5 15.Qe6+ Qf7
16.Bh6 Re8 17.Qxf7+ Kxf7 18.g4 f4 19.Ne4 Nc5 20.Nxc5 Bxc5 21.g5 Kg6 22.Rac1 Bd6
23.g3 Bf5 24.Rcd1 Re7 25.Be2 Bh3 26.Rfe1 e4 27.Kh2 Bd7 28.b3 f3 29.Bf1 Rae8
30.Bh3 Bxh3 31.Kxh3 e3 32.fxe3 Rxe3 33.Rf1 Rxb3 34.Rf2 Re2 35.Rdf1 Rxf2 36.Rxf2 Be5
37.Rf1 f2  0-1

[Event "13th Open"]
[Site "Voronezh RUS"]
[Date "2009.06.15"]
[Round "4"]
[White "Volkov,Sergey1"]
[Black "Solodovnichenko,Y"]
[Result "1-0"]
[WhiteElo "2594"]
[BlackElo "2564"]

1.d4 d5 2.c4 dxc4 3.e4 e5 4.Nf3 exd4 5.Bxc4 Nc6 6.O-O Be6 7.Bb5 Bc5 8.b4 Bb6
9.a4 a6 10.Bxc6+ bxc6 11.a5 Ba7 12.Bb2 Nf6 13.Nbd2 O-O 14.Qc2 Nh5 15.g3 f5
16.Qxc6 Bf7 17.Ne5 Be8 18.Qxa6 Kh8 19.Qb7 fxe4 20.Nxe4 Nf6 21.Nxf6 Rxf6 22.Rac1 Re6
23.Rfe1 c6 24.Nd3 Bd7 25.Rxe6 Bxe6 26.Re1 Bd5 27.Nf4 Bf3 28.Ne6 Qg8 29.Nc7 d3
30.Nxa8 d2 31.Qxg7+  1-0

[Event "Salongernas IM"]
[Site "Stockholm SWE"]
[Date "2009.06.23"]
[Round "7"]
[White "Eriksson,Jor"]
[Black "Semcesen,D"]
[Result "0-1"]
[WhiteElo "2211"]
[BlackElo "2387"]

1.d4 d5 2.c4 dxc4 3.e4 c5 4.d5 Nf6 5.Nc3 b5 6.e5 b4 7.exf6 bxc3 8.bxc3 Nd7
9.Bxc4 Nb6 10.Be2 exf6 11.c4 Bd6 12.Nf3 O-O 13.O-O Bg4 14.Qc2 Qd7 15.Be3 Rfe8
16.a4 Bf5 17.Bd3 Bxd3 18.Qxd3 Nxa4 19.Qc2 Nb6 20.Ra5 Rac8 21.Rfa1 Rc7 22.h3 h5
23.Nh4 Bf8 24.Bf4 Rb7 25.Be3 Qc7 26.Ra6 Qb8 27.R6a3 Nc8 28.Qd1 Re4 29.Qxh5 Rxc4
30.Nf5 Rcb4 31.Bc1 Rb3 32.Ra4 R7b4 33.Ra6 g6 34.Nh6+ Kh7 35.Qe2 Bxh6 36.Rxf6 Bg7
37.Rxf7 Rb7 38.Rxg7+ Rxg7  0-1

[Event "Open"]
[Site "Albena BUL"]
[Date "2009.06.27"]
[Round "8"]
[White "Dimitrov,R"]
[Black "Vassiliev,G"]
[Result "0-1"]
[WhiteElo "2388"]
[BlackElo "2163"]

1.d4 d5 2.c4 dxc4 3.e4 e5 4.dxe5 Qxd1+ 5.Kxd1 Nc6 6.f4 f6 7.exf6 Nxf6 8.Nc3 Bb4
9.e5 Bxc3 10.bxc3 Ne4 11.Ke1 Be6 12.Bb2 O-O 13.Ne2 Rad8 14.g3 Rd2 15.Bc1 Rd3
16.Nd4 Rxd4 17.cxd4 Nxd4 18.Bg2 Bd5 19.Rb1 Rd8 20.Bd2 c3 21.Be3 Nc2+ 22.Ke2 Bc4+
23.Kf3 Nd2+ 24.Kf2 Nxe3 25.Kxe3 Rd3+ 26.Ke2 Nxb1 27.Be4 Rd2+ 28.Ke3 Re2+
29.Kd4 c5+ 30.Kxc4 Rxe4+ 31.Kd3 Rd4+ 32.Kc2 Na3+ 33.Kxc3 b5 34.Re1 Kf7 35.e6+ Ke7
36.Re5 b4+ 37.Kb3 Rd3+ 38.Ka4 Rc3 39.f5 a6 40.Rd5 Nc2 41.Rd7+ Ke8 42.Ka5 Rf3
43.g4 c4 44.Kb6 b3 45.Kc7 bxa2 46.Rd8+ Ke7 47.Rd7+ Kf6 48.Rf7+ Kg5 49.Rxg7+ Kf4
50.e7 a1=Q 51.e8=Q Qxg7+  0-1

[Event "ZMD Open"]
[Site "Dresden GER"]
[Date "2009.07.01"]
[Round "8"]
[White "Konow,P"]
[Black "Bauer,Be"]
[Result "1-0"]
[WhiteElo "1853"]
[BlackElo "2006"]

1.d4 d5 2.c4 dxc4 3.e4 e5 4.Nf3 Bb4+ 5.Nbd2 c3 6.Qa4+ Nc6 7.bxc3 Bxc3 8.d5 Bxa1
9.dxc6 bxc6 10.Qxc6+ Bd7 11.Qc4 Ne7 12.Ba3 Nc8 13.Nxe5 Nd6 14.Nxd7 Qxd7 15.e5 Nb7
16.Qb4 c5 17.Qb1 O-O-O 18.Ne4 Qd4 19.Ba6 Bc3+ 20.Ke2 Bb4 21.Bxb4 cxb4 22.Rc1+ Kb8
23.Rc4 Qd5 24.Rxb4 Rd7 25.Rb5 Qc6 26.Nc5 Rhd8 27.Bxb7 Rd2+ 28.Ke3 Qh6+ 29.f4 a6
30.Bxa6+ Ka7 31.Rb7+ Ka8 32.Ra7+  1-0

[Event "ZMD Open"]
[Site "Dresden GER"]
[Date "2009.07.02"]
[Round "9"]
[White "Bluebaum,M"]
[Black "Stark,S"]
[Result "1-0"]
[WhiteElo "2075"]
[BlackElo "1825"]

1.d4 d5 2.c4 dxc4 3.e4 e5 4.Nf3 exd4 5.Bxc4 Nc6 6.O-O Be6 7.Bb5 Bc5 8.b4 Bb6
9.a4 a6 10.Bxc6+ bxc6 11.Bb2 Bg4 12.Qc2 Qd6 13.Ne5 Bd7 14.Nc4 Qg6 15.Nxb6 cxb6
16.Bxd4 Nf6 17.Bxb6 O-O 18.Nc3 Rfe8 19.f3 Reb8 20.Bc5 a5 21.Rfb1 Qg5 22.Qf2 h5
23.bxa5 Rxb1+ 24.Rxb1 Rxa5 25.Bb6 Ra8 26.a5 h4 27.Na4 h3 28.g3 Qe5 29.Nc5 Bc8
30.Rd1 g6 31.Qd4 Qxd4+ 32.Rxd4 Kf8 33.Rd6  1-0

[Event "Richard Riordan GM Rapid"]
[Site "Natanya ISR"]
[Date "2009.07.14"]
[Round "9"]
[White "Avrukh,B"]
[Black "Golod,V"]
[Result "1/2-1/2"]
[WhiteElo "2641"]
[BlackElo "2599"]

1.d4 d5 2.c4 dxc4 3.e4 Nf6 4.e5 Nd5 5.Bxc4 Nb6 6.Bb3 Nc6 7.Ne2 Bg4 8.f3 Bf5
9.Nbc3 e6 10.Be3 Qd7 11.O-O Be7 12.Qc1 Rd8 13.a3 O-O 14.Rd1 Qc8 15.Ba2 a5
16.Bb3 Qa8 17.Na4 Qa6 18.Ng3 Bg6 19.Nxb6 Qxb6 20.Qc3 Qa6 21.Rac1 a4 22.Bc4 Qa5
23.Be2 Rd7 24.Ne4 Rfd8 25.Rd2 Qxc3 26.bxc3 Na5 27.Ra2 c6 28.Kf2 b5 29.Rd1  1/2-1/2

[Event "KUTXA"]
[Site "Donostia ESP"]
[Date "2009.07.15"]
[Round "8"]
[White "Van Wely,L"]
[Black "Magem Badals,J"]
[Result "1/2-1/2"]
[WhiteElo "2655"]
[BlackElo "2534"]

1.d4 d5 2.c4 dxc4 3.e4 Nf6 4.e5 Nd5 5.Bxc4 Nb6 6.Bd3 Nc6 7.Ne2 Bg4 8.f3 Bh5
9.Nbc3 e6 10.Be4 Bg6 11.O-O Be7 12.Be3 O-O 13.Bf2 Bxe4 14.fxe4 Bg5 15.Qb3 Na5
16.Qc2 Nac4 17.Rad1 f6 18.exf6 Qxf6 19.Ng3 Qh6 20.Qe2 Ne3 21.Bxe3 Bxe3+ 22.Kh1 Rad8
23.Rxf8+ Rxf8 24.Nf1 Bf2 25.e5 c5 26.dxc5 Bxc5 27.h3 Qf4 28.Nh2 Bd4 29.Nb5 Bxe5
30.Nf3 Bb8 31.Nbd4 Re8 32.Qb5 Re7 33.Qb3 Re8 34.Qb5 Re7 35.Qb3 Re8 36.Nxe6 Qc4
37.Nc5 Qxb3 38.axb3 Bg3 39.Nxb7 Re2 40.Rb1 Nd5 41.Nd4 Rf2 42.Nc5 Nf4 43.Ne4 Rxg2
44.Nf3 h6 45.b4 Bf2 46.Rf1 Be3 47.Nh4  1/2-1/2

[Event "1st Artemis Cup"]
[Site "Leros GRE"]
[Date "2009.07.15"]
[Round "5"]
[White "Shneider,Alek"]
[Black "Muhren,B"]
[Result "1-0"]
[WhiteElo "2539"]
[BlackElo "2312"]

1.d4 d5 2.c4 dxc4 3.e4 e5 4.Nf3 exd4 5.Bxc4 Nc6 6.O-O Be6 7.Bb5 Bc5 8.b4 Bb6
9.a4 a6 10.Bxc6+ bxc6 11.a5 Ba7 12.Bb2 Ne7 13.Nxd4 O-O 14.Na3 Qd6 15.Nac2 Rfd8
16.Qe2 Ng6 17.Rfd1 Nf4 18.Qf3 Bc4 19.g3 Nh3+ 20.Kg2 Ng5 21.Qc3 Qe5 22.f3 Be6
23.h4 Nxe4 24.fxe4 Qxe4+ 25.Kh2 Bd5 26.Rd2 f6 27.Re2 Qg4 28.Rae1 Bf7 29.Nxc6 Rd1
30.Nxa7 Bd5 31.Qe3 Rxe1 32.Nxe1 Qxb4 33.Qd4 Qb7 34.Re7 Bf7 35.Rd7 Re8 36.Ng2 Re2
37.Rd8+ Re8 38.Qd7 Qe4 39.Nc6 Rxd8 40.Qxd8+ Be8 41.Ne7+ Kf7 42.Nd5 c5 43.Nxf6  1-0

[Event "Lake Sevan GM"]
[Site "Martuni ARM"]
[Date "2009.07.15"]
[Round "6"]
[White "Pashikian,A"]
[Black "Babujian,L"]
[Result "1-0"]
[WhiteElo "2650"]
[BlackElo "2515"]

1.d4 d5 2.c4 dxc4 3.e4 c5 4.d5 Nf6 5.Nc3 b5 6.Bf4 Qa5 7.Bd2 b4 8.e5 bxc3
9.Bxc3 Qa6 10.exf6 exf6 11.Nf3 Bd6 12.Nd2 O-O 13.Be2 Bc7 14.Nxc4 Rd8 15.O-O Bb7
16.Ne3 Qd6 17.g3 Nd7 18.Bf3 Nb6 19.Re1 Rab8 20.Qd2 Qd7 21.Rad1 Na4 22.Bxf6 gxf6
23.Ng4 Kh8 24.Qh6 Rg8 25.Nxf6 Qf5 26.Be4 Bf4 27.Qh4 Bg5 28.Qh5 Rg7 29.Bxf5 Bxf6
30.d6 Nxb2 31.d7 Rbg8 32.Rd6 Bg5 33.Re8  1-0

[Event "Open"]
[Site "Rethymno GRE"]
[Date "2009.07.17"]
[Round "7"]
[White "Turov,M"]
[Black "Sengupta,D"]
[Result "1-0"]
[WhiteElo "2561"]
[BlackElo "2488"]

1.d4 d5 2.c4 dxc4 3.e4 Nf6 4.e5 Nd5 5.Bxc4 Nb6 6.Bb3 Nc6 7.Ne2 Bg4 8.Nbc3 e6
9.O-O Qd7 10.a3 h6 11.Be3 O-O-O 12.f3 Bf5 13.Ba2 Kb8 14.b4 Ne7 15.Ne4 Ned5
16.Bf2 Be7 17.Qb3 Qa4 18.Qb2 g5 19.Bb3 Qe8 20.Nc5 h5 21.a4 g4 22.fxg4 hxg4
23.a5 Nc8 24.Bxd5 Rxd5 25.Nf4 Rd8 26.b5 Qf8 27.Rfc1 Rxh2 28.Na6+ bxa6 29.bxa6+ Nb6
30.axb6 axb6 31.Qc3 c5 32.Qb3 Ka8 33.Qxb6 Rb8 34.Qc6+ Ka7 35.Kxh2 Qh6+ 36.Kg1 Qxf4
37.Qc7+ Ka8 38.a7  1-0

[Event "Najdorf Mem Open"]
[Site "Warsaw POL"]
[Date "2009.07.19"]
[Round "2"]
[White "Matuszewski,M"]
[Black "Warakomski,T"]
[Result "1/2-1/2"]
[WhiteElo "2301"]
[BlackElo "2491"]

1.d4 d5 2.c4 dxc4 3.e4 e5 4.Nf3 exd4 5.Bxc4 Nc6 6.Nbd2 g6 7.Nb3 Bg7 8.Bg5 Qd6
9.O-O Bg4 10.Bb5 Kf8 11.Bxc6 Qxc6 12.Rc1 Qxe4 13.Qd2 Bxf3 14.Qb4+ Ne7 15.Rxc7 Kg8
16.gxf3 Qxf3 17.Qxe7 Qg4+ 18.Kh1 Qf3+  1/2-1/2

[Event "Quebec Open"]
[Site "Montreal CAN"]
[Date "2009.07.22"]
[Round "6"]
[White "Jancovic,P"]
[Black "Malakhatko,V"]
[Result "1/2-1/2"]
[WhiteElo "2140"]
[BlackElo "2570"]

1.d4 d5 2.c4 dxc4 3.e4 Nf6 4.e5 Nd5 5.Bxc4 Nb6 6.Bd3 Nc6 7.Be3 Be6 8.Nf3 Qd7
9.Nc3 Rd8 10.h3 Nb4 11.Be4 Bc4 12.b3 Ba6 13.Ng5 e6 14.a3 N4d5 15.Nxd5 Nxd5
16.Bd3 Be7 17.Nf3 Nxe3 18.fxe3 Bxd3 19.Qxd3 c5 20.O-O O-O 21.a4 b6 22.Qb5 Qd5
23.a5 Qe4 24.axb6 Qxe3+ 25.Kh1 axb6 26.Ra7 Bg5 27.dxc5 bxc5 28.Nxg5 Qxg5
29.Qxc5 Rd2 30.Qc6 h6 31.Qf3 Qg6 32.b4 Rb2 33.Rb7 Kh7 34.b5 f5 35.Rf2 Rb4
36.Kh2 Rd8 37.Rc2 Rd5 38.b6 Rdb5 39.Rc6 Rb3 40.Rc3 Rxc3 41.Qxc3 Qg5 42.Qg3 Qxg3+  1/2-1/2

[Event "ZMD Open"]
[Site "Dresden GER"]
[Date "2009.07.29"]
[Round "5"]
[White "Heberla,B"]
[Black "Kleibaumhueter,K"]
[Result "1-0"]
[WhiteElo "2536"]
[BlackElo "2148"]

1.d4 d5 2.c4 dxc4 3.e4 c5 4.d5 e6 5.Nc3 exd5 6.Nxd5 Bd6 7.Bxc4 Nc6 8.Nf3 Nge7
9.O-O Bg4 10.h3 Bxf3 11.Qxf3 O-O 12.Qh5 Be5 13.Bg5 Qd6 14.Rad1 Qg6 15.Nxe7+ Nxe7
16.Qxg6 Nxg6 17.Rd7 Bxb2 18.Rxb7 Bd4 19.Bd5 Ne5 20.Kh1 h6 21.Bf4 Rac8 22.Rd1 g5
23.Bg3 Rce8 24.Rxa7 Kg7 25.a4 Kg6 26.Ra6+ f6 27.a5 Re7 28.Rb6 Rc8 29.a6  1-0

[Event "4th Timisoara Cup B"]
[Site "Timisoara ROM"]
[Date "2009.08.06"]
[Round "6"]
[White "Mocanu,Se"]
[Black "Foisor,M"]
[Result "1-0"]
[WhiteElo "2137"]
[BlackElo "2123"]

1.d4 d5 2.c4 dxc4 3.e4 Nf6 4.Nc3 c5 5.d5 e6 6.Bxc4 exd5 7.Nxd5 Nc6 8.Bf4 Nxd5
9.Bxd5 Nd4 10.Ne2 Ne6 11.Be5 Be7 12.Qa4+ Bd7 13.Qb3 Qa5+ 14.Bc3 Qb6 15.Bxb7 Rb8
16.Qxb6 axb6 17.Bd5 f6 18.e5 Nc7 19.exf6 Bxf6 20.Bxf6 gxf6 21.Bb3 Bc6 22.O-O b5
23.Rfe1 Kf8 24.Rac1 c4 25.Bxc4 bxc4 26.Rxc4 Bd5 27.Rxc7 Rxb2 28.Nf4 Bxa2
29.Rc8+ Kg7 30.Nh5+ Kh6 31.Rxh8  1-0

[Event "FSGM August"]
[Site "Budapest HUN"]
[Date "2009.08.07"]
[Round "7"]
[White "Zherebukh,Y"]
[Black "Tzermiadianos,An"]
[Result "1-0"]
[WhiteElo "2541"]
[BlackElo "2447"]

1.d4 d5 2.c4 dxc4 3.e4 Nf6 4.e5 Nd5 5.Bxc4 Nb6 6.Bd3 Nc6 7.Ne2 Bg4 8.f3 Be6
9.Nbc3 Qd7 10.Ne4 Bd5 11.Nc5 Qc8 12.a3 e6 13.Qc2 Bxc5 14.Qxc5 Qd7 15.Bg5 h6
16.Be3 Qe7 17.Qc3 Qh4+ 18.Bf2 Qg5 19.Kf1 h5 20.h4 Qe7 21.b4 a6 22.Nf4 O-O-O
23.Qc5 Kb8 24.Rc1 Qxc5 25.bxc5 Nc8 26.Rb1 Ka8 27.Ke2 N8e7 28.Rb2 Rb8 29.Rhb1 Ka7
30.g4 hxg4 31.fxg4 b6 32.cxb6+ Rxb6 33.h5 Nb8 34.Bh4 Nec6 35.Rxb6 cxb6 36.Nxd5 exd5
37.Rf1 Rf8 38.Ke3  1-0

[Event "24th ICT Acropolis"]
[Site "Chalkida GRE"]
[Date "2009.08.11"]
[Round "2"]
[White "Harika,D"]
[Black "Skaperdas,K"]
[Result "1-0"]
[WhiteElo "2445"]
[BlackElo "2222"]

1.d4 d5 2.c4 dxc4 3.e4 e5 4.Nf3 Bb4+ 5.Nc3 exd4 6.Nxd4 Ne7 7.Bxc4 O-O 8.Be3 Nbc6
9.Nb5 Ne5 10.Be2 Ba5 11.Bc5 Bd7 12.b4 Bb6 13.Bxb6 axb6 14.O-O Bxb5 15.Nxb5 c6
16.Nd6 Nc8 17.Nf5 b5 18.Qc1 Ne7 19.Rd1 Qc7 20.Nd6 Nc8 21.Nxb5 Qe7 22.Nd4 Qxb4
23.Rb1 Qe7 24.Nf5 Qf6 25.Qb2 b5 26.g3 g6 27.f4 gxf5 28.fxe5 Qg5 29.exf5 Qxf5
30.Rf1 Qe4 31.Bf3 Qe3+ 32.Kh1 Ne7 33.Qb4 Ng6 34.Rbe1 Qa3 35.Qg4 Qxa2 36.Bxc6 Ra4
37.Qd7 Qe6 38.Qb7 Rd4 39.Qxb5 Rd2 40.Bg2 Re8 41.Bh3 Qd5+ 42.Qxd5 Rxd5 43.e6 f5
44.Bxf5 Kg7 45.Be4 Re5 46.Bxg6 Rxe1 47.Rxe1 Kxg6 48.Kg2 Kf6 49.Kf3 Rxe6 50.Rxe6+ Kxe6
51.Kg4 Kf6 52.Kh5 Kg7 53.Kg5 h6+ 54.Kf5 Kf7 55.g4 Kg7 56.h4  1-0

[Event "IMA"]
[Site "Olomouc CZE"]
[Date "2009.08.13"]
[Round "9"]
[White "Lahiri,A"]
[Black "Vrana,J"]
[Result "1/2-1/2"]
[WhiteElo "2361"]
[BlackElo "2236"]

1.d4 d5 2.c4 dxc4 3.e4 e5 4.Nf3 exd4 5.Bxc4 Nc6 6.O-O Be6 7.Bb5 Bc5 8.b4 Bb6
9.a4 a5 10.bxa5 Rxa5 11.Nbd2 Ra8 12.Ba3 Ne7 13.Ng5 O-O 14.Qh5 h6 15.Nxe6 fxe6
16.Nc4 Ba7 17.Bxc6 Nxc6 18.Bxf8 Qxf8 19.Qb5 Nd8 20.a5 Bc5 21.Qd7 Qf7 22.Qxf7+ Kxf7
23.Rfc1 Ke7 24.Kf1 Bb4 25.Ne5 Bc3 26.Ra4 Rxa5 27.Rxa5 Bxa5 28.Ra1 Bc3 29.Ra8 b5
30.f4 g5 31.g3 gxf4 32.gxf4 Bd2 33.Ke2 Be3 34.Rc8 Bxf4 35.Ng6+ Kd7 36.Rxd8+ Kxd8
37.Nxf4 Kd7 38.e5 c5 39.Kd3 Kc6 40.h4 Kd7 41.Nh5 Kc7 42.Nf6 Kc6 43.h5 b4
44.Kc4 b3 45.Kxb3 d3 46.Kc3 c4 47.Kd2 Kc5 48.Ke3 Kc6 49.Kd2 Kc5  1/2-1/2

[Event "Abu Dhabi Festival Open"]
[Site "Abu Dhabi UAE"]
[Date "2009.08.19"]
[Round "8"]
[White "Anastasian,A"]
[Black "Ovetchkin,R"]
[Result "1/2-1/2"]
[WhiteElo "2566"]
[BlackElo "2548"]

1.d4 d5 2.c4 dxc4 3.e4 Nf6 4.e5 Nd5 5.Bxc4 Nb6 6.Bd3 Nc6 7.Be3 Be6 8.Nc3 Qd7
9.Nf3 O-O-O 10.O-O Nb4 11.Be2 Bf5 12.Nh4 e6 13.Rc1 Kb8 14.Nxf5 exf5 15.Bf3 N4d5
16.a4 Nxe3 17.fxe3 a5 18.g3 f6 19.exf6 g6 20.Qb3 Bb4 21.Nb5 c6 22.Na3 Rhf8
23.Nc2 Qf7 24.Qd3 Nd5 25.Bxd5 Qxd5 26.Nxb4 axb4 27.Rc4 Rxf6 28.Rxb4 Re8 29.Qb3 Qd7
30.d5 cxd5 31.Rd1 Rd6 32.a5 Rc8 33.Rb6 Rcc6 34.Rb5 d4 35.exd4 Rc7 36.d5 f4
37.Rb6 fxg3 38.hxg3 Rc5 39.Rxd6 Qxd6 40.a6 Rc7 41.axb7 Rxb7 42.Qc3 Qb6+ 43.Kh1 Qxb2
44.Qf3 Qc2 45.Qf8+ Qc8 46.Qf4+ Qc7 47.Qe4 Qe7 48.Qd4 Rb4 49.Qc3 Qe4+ 50.Kg1 Rb1
51.Rxb1+ Qxb1+ 52.Kf2 Qf5+ 53.Kg1 Qb1+  1/2-1/2

[Event "BDO Challenger"]
[Site "Haarlem NED"]
[Date "2009.08.21"]
[Round "7"]
[White "Strating,S"]
[Black "Richter,Ch"]
[Result "1/2-1/2"]
[WhiteElo "2340"]
[BlackElo "2417"]

1.d4 d5 2.c4 dxc4 3.e4 e5 4.Nf3 exd4 5.Bxc4 Nc6 6.O-O Nf6 7.e5 Ne4 8.Re1 Nc5
9.Bg5 Be7 10.Bxe7 Qxe7 11.Nxd4 Nxd4 12.Qxd4 Be6 13.Bxe6 Nxe6 14.Qa4+ Qd7
15.Qxd7+ Kxd7 16.Nc3 Rad8 17.Kf1 Kc6 18.Rac1 b6 19.Ne4+ Kb7 20.g3 Rd4 21.f4 g6
22.h4 h5 23.Rcd1 Rhd8 24.Rxd4 Rxd4 25.Kf2 Kc6  1/2-1/2

[Event "24th Open"]
[Site "Schwarzach AUT"]
[Date "2009.08.22"]
[Round "8"]
[White "Wersching,A"]
[Black "Popa,Cl"]
[Result "0-1"]
[WhiteElo "2031"]
[BlackElo "2233"]

1.d4 d5 2.c4 dxc4 3.e4 c5 4.d5 e6 5.Nc3 Nf6 6.Bxc4 exd5 7.Nxd5 Nxd5 8.Bxd5 Be7
9.Qb3 O-O 10.Bxb7 c4 11.Qb5 a6 12.Qxc4 Bxb7 13.Ne2 Nd7 14.Bf4 Rc8 15.Qd4 Nc5
16.O-O Qxd4 17.Nxd4 Nxe4 18.Rac1 Rxc1 19.Rxc1 Re8 20.Re1 Bc5 21.Be3 Rd8 22.Nf5 Bxe3
23.Nxe3 g6 24.f3 Nc5 25.b4 Ne6 26.Kf2 Rd2+ 27.Re2 Rxe2+ 28.Kxe2 Nf4+ 29.Kd2 Nd5
30.Nxd5 Bxd5 31.a4 Bc6 32.b5 axb5 33.axb5 Bxb5 34.f4 Kg7 35.g4 Kf6 36.Ke3 Bd7
37.Kf3 g5 38.Kg3 Kg6 39.fxg5 Kxg5 40.h4+ Kg6 41.Kf4 f6 42.Kf3 h5 43.gxh5+ Kxh5
44.Kg3  0-1

[Event "XI Sants Open"]
[Site "Barcelona ESP"]
[Date "2009.08.27"]
[Round "7"]
[White "Fier,A"]
[Black "Gonzalez Garcia,J2"]
[Result "1-0"]
[WhiteElo "2604"]
[BlackElo "2509"]

1.d4 d5 2.c4 dxc4 3.e4 Nf6 4.e5 Nd5 5.Bxc4 Nb6 6.Bb3 Nc6 7.Be3 Bf5 8.Ne2 e6
9.O-O Qd7 10.Nbc3 O-O-O 11.a3 h5 12.Rc1 Kb8 13.Na4 Be7 14.Nc5 Bxc5 15.Rxc5 f6
16.exf6 gxf6 17.Bf4 e5 18.dxe5 Qe7 19.Qc1 Nxe5 20.Ng3 Bg6 21.Re1 Rhe8 22.Rcxe5 fxe5
23.Bg5 Qh7 24.Bxd8 Rxd8 25.Rxe5 h4 26.Qg5 Qh8 27.Nf1 h3 28.gxh3 Bd3 29.Ng3 a6
30.h4 Bc4 31.Bc2 Rg8 32.Qf4 Rf8 33.Qe4 Bb5 34.Rf5 Rxf5 35.Qxf5 Qxb2 36.Qf8+ Ka7
37.Be4 Qc1+ 38.Kg2 Bc6 39.h5 Nd5 40.Bxd5 Bxd5+ 41.Kh3 Qc4 42.f4 Qc2 43.Kg4 Be6+
44.f5 Bb3 45.Qe7 Qc1 46.Qe5 c5 47.f6 Qxa3 48.h6 Qa4+ 49.Kg5 Qa5 50.Ne4  1-0

[Event "Uxbridge Congress Open"]
[Site "Uxbridge ENG"]
[Date "2009.09.18"]
[Round "1"]
[White "Arkell,K"]
[Black "Bonafont,P"]
[Result "1-0"]
[WhiteElo "2478"]
[BlackElo "2126"]

1.d4 d5 2.c4 dxc4 3.e4 e5 4.Nf3 exd4 5.Qxd4 Qxd4 6.Nxd4 Nf6 7.Nc3 Bb4 8.f3 O-O
9.Bxc4 c6 10.Be3 Nbd7 11.Kf2 Re8 12.Rhd1 Nf8 13.a3 Ba5 14.Rac1 a6 15.g4 Bxg4
16.fxg4 Nxg4+ 17.Ke2 Bxc3 18.Rxc3 Rxe4 19.h3 Nf6 20.Nf5 Ng6 21.Nd6 Re7 22.Kf1 Ne4
23.Nxe4 Rxe4 24.Bb6 Rae8 25.Bc7 Nf4 26.Rd7 Re1+ 27.Kf2 Nxh3+ 28.Rxh3  1-0

[Event "TCh-ROU Superliga"]
[Site "Eforie Nord ROU"]
[Date "2009.09.24"]
[Round "6"]
[White "Shishkin,Va UKR"]
[Black "Fridman,D2"]
[Result "1/2-1/2"]
[WhiteElo "2511"]
[BlackElo "2661"]

1.d4 d5 2.c4 dxc4 3.e4 Nf6 4.e5 Nd5 5.Bxc4 Nb6 6.Bd3 Nc6 7.Ne2 Bg4 8.f3 Bh5
9.Nbc3 e6 10.Be4 Bg6 11.O-O Be7 12.Be3 Qd7 13.Bf2 O-O 14.Qb3 a5 15.a3 a4
16.Qc2 Bxe4 17.fxe4 f6 18.exf6 Rxf6 19.d5 Ne5 20.Bxb6 Rxf1+ 21.Rxf1 cxb6
22.h3 exd5 23.Nxd5 Bc5+ 24.Kh1 Qd6 25.Qc3 Re8 26.Qg3 Qg6 27.Qxg6 hxg6 28.Nec3 Nd3  1/2-1/2